000 00247nam a2200109Ia 4500
999 _c7375
_d7375
082 _a324.22
100 _aSharif Al Mujahid
245 0 _aQuaid-i-Azam Zandmani 0 Khidmaat
260 _aKarachi
_bIdarahai Tasneef
_c2016
300 _a504
942 _cBK